McCurnin's clinical textbook for veterinary technicians :

A fundamental text in the field of veterinary technology, McCurnin's Clinical Textbook for Veterinary Technicians, 8th Edition has the trusted content, simplified layout, and novel study tools every Vet Tech needs. Sections on small and large animals, birds, reptiles, and small mammals embrace...

ver descrição completa

Na minha lista:
Detalhes bibliográficos
Autor principal: Bassert, Joanna M.
Formato: Livro
Idioma:Undetermined
Publicado em: Missouri Elsevier 2014
Assuntos:
Tags: Adicionar Tag
Sem tags, seja o primeiro a adicionar uma tag!
Thư viện lưu trữ: Trung tâm Học liệu Trường Đại học Cần Thơ
LEADER 01181nam a2200205Ia 4500
001 CTU_216762
008 210402s9999 xx 000 0 und d
020 |c 106.04 
082 |a 636.089 
082 |b B319 
100 |a Bassert, Joanna M. 
245 0 |a McCurnin's clinical textbook for veterinary technicians : 
245 0 |c Joanna M. Bassert, John A. Thomas 
260 |a Missouri 
260 |b Elsevier 
260 |c 2014 
520 |a A fundamental text in the field of veterinary technology, McCurnin's Clinical Textbook for Veterinary Technicians, 8th Edition has the trusted content, simplified layout, and novel study tools every Vet Tech needs. Sections on small and large animals, birds, reptiles, and small mammals embrace every aspect of the veterinary field, while case presentations of actual patient situations link information to relevant, real-life scenarios. This color-coded, fully illustrated guide will give you a leg up in the constantly evolving Vet Tech field. 
650 |a Veterinary nursing,Veterinary medicine,Thuốc thú y,Điều dưỡng thú y 
904 |i Vân, Tuyến 
980 |a Trung tâm Học liệu Trường Đại học Cần Thơ